Cargando…

The Subject of Liberty : Toward a Feminist Theory of Freedom /

This book reconsiders the dominant Western understandings of freedom through the lens of women's real-life experiences of domestic violence, welfare, and Islamic veiling. Nancy Hirschmann argues that the typical approach to freedom found in political philosophy severely reduces the concept'...

Descripción completa

Detalles Bibliográficos
Autor principal: Hirschmann, Nancy J. (Autor)
Formato: Electrónico eBook
Idioma:Inglés
Publicado: Princeton, NJ : Princeton University Press, 2003.
Colección:Book collections on Project MUSE.
Temas:
Acceso en línea:Texto completo

MARC

LEADER 00000cam a22000004a 4500
001 musev2_29839
003 MdBmJHUP
005 20230905043146.0
006 m o d
007 cr||||||||nn|n
008 090908s2003 nju o 00 0 eng d
020 |a 9781400825363 
020 |z 9780691096247 
020 |z 9780691096254 
035 |a (OCoLC)436044758 
040 |a MdBmJHUP  |c MdBmJHUP 
100 1 |a Hirschmann, Nancy J.,  |e author. 
245 1 4 |a The Subject of Liberty :   |b Toward a Feminist Theory of Freedom /   |c Nancy J. Hirschmann. 
264 1 |a Princeton, NJ :  |b Princeton University Press,  |c 2003. 
264 3 |a Baltimore, Md. :  |b Project MUSE,   |c 2015 
264 4 |c ©2003. 
300 |a 1 online resource (308 pages). 
336 |a text  |b txt  |2 rdacontent 
337 |a computer  |b c  |2 rdamedia 
338 |a online resource  |b cr  |2 rdacarrier 
505 0 |a Introduction -- The social construction of freedom in historical perspective -- Feminism and freedom: the social construction paradox -- Internal and external restraint: the case of battered women -- Welfare as a problem for freedom theory -- Eastern veiling, Western freedom? -- Toward a feminist theory of freedom. 
520 |a This book reconsiders the dominant Western understandings of freedom through the lens of women's real-life experiences of domestic violence, welfare, and Islamic veiling. Nancy Hirschmann argues that the typical approach to freedom found in political philosophy severely reduces the concept's complexity, which is more fully revealed by taking such practical issues into account. Hirschmann begins by arguing that the dominant Western understanding of freedom does not provide a conceptual vocabulary for accurately characterizing women's experiences. Often, free choice is assumed when women are in f. 
588 |a Description based on print version record. 
650 7 |a Theorie feministe.  |2 ram 
650 7 |a Liberte.  |2 ram 
650 1 7 |a Politieke theorie.  |2 gtt 
650 1 7 |a Feminisme.  |2 gtt 
650 1 7 |a Vrijheid.  |2 gtt 
650 7 |a Liberty.  |2 fast  |0 (OCoLC)fst00997251 
650 7 |a Feminism.  |2 fast  |0 (OCoLC)fst00922671 
650 7 |a POLITICAL SCIENCE  |x History & Theory.  |2 bisacsh 
650 7 |a SOCIAL SCIENCE  |x Feminism & Feminist Theory.  |2 bisacsh 
650 7 |a feminism.  |2 aat 
650 7 |a freedom.  |2 aat 
650 6 |a Feminisme. 
650 6 |a Liberte. 
650 2 |a Feminism 
650 2 |a Freedom 
650 0 |a Feminism. 
650 0 |a Liberty. 
655 7 |a Electronic books.   |2 local 
710 2 |a Project Muse.  |e distributor 
830 0 |a Book collections on Project MUSE. 
856 4 0 |z Texto completo  |u https://projectmuse.uam.elogim.com/book/29839/ 
945 |a Project MUSE - Custom Collection 
945 |a Project MUSE - Archive Complete Supplement III 
945 |a Project MUSE - Archive Philosophy and Religion Supplement III